Alytus county cities - Statistics

General Stats
  • This quiz has been taken 3 times
  • The average score is 3 of 7
Answer Stats
Population City % Correct
50,996 Alytus
100%
12,999 Druskininkai
67%
885 Daugai
33%
3 737 Lazdijai
33%
7,794 Varėna
33%
1 150 Simnas
0%
1 015 Veisiejai
0%
No matching quizzes found
Score Distribution
Percent of People with Each Score
Percentile by Number Answered
Your Score History
You have not taken this quiz